Purple lace bra (Lyrics)- Tate McRae - Statistics

General Stats
  • This quiz has been taken 83 times
  • The average score is 328 of 368
Answer Stats
Answer % Correct
I
100%
my
100%
hear
98%
Hear
98%
me
98%
me?
98%
you
98%
You
98%
bra
96%
in
96%
lace
96%
purple
96%
your
96%
all
94%
if
94%
If
94%
the
94%
The
94%
touch
94%
Would
94%
here?
92%
like
92%
right
92%
ear?
90%
thoughts
90%
attention?
88%
been
88%
head
88%
I'm
88%
inner
88%
more
88%
on
88%
sound
88%
whispered
88%
and
87%
listen
87%
losin'
87%
mind
87%
screamin'
87%
when
87%
"Ah
85%
ah"
85%
ah
85%
ah"?
85%
'Cause
85%
'cause
85%
of
85%
only
85%
eye
83%
got
83%
look
83%
made
83%
Made
83%
undressed
83%
cryin'
81%
Did
81%
question
81%
rest
81%
singin'
81%
think
81%
what
81%
goin'
79%
that
79%
night
77%
none
77%
Yeah
77%
you're
77%
but
75%
don't
75%
giving
75%
it
75%
bleedin'
73%
dance
73%
see
73%
'til
73%
time
73%
lap
71%
want
71%
depth
69%
dreamin'
69%
everythin'
69%
head's
69%
interest
69%
tell
69%
know
67%
off
67%
take
67%
throat's
67%
listenin'
65%
catch
63%
Now
63%
touched
63%
through
58%
'est
56%
finish
54%
let
54%
determines
52%
for
52%
body
50%
could
48%
pique
44%
positioning
42%
No matching quizzes found
Score Distribution
Percent of People with Each Score
Percentile by Number Answered
Your Score History
You have not taken this quiz